| 000 | 01179cam a22003255i 4500 | ||
|---|---|---|---|
| 003 | EG-ScBUE | ||
| 005 | 20250720114832.0 | ||
| 008 | 150819t1998 njua f 001 0 eng d | ||
| 020 | _a013654195X | ||
| 040 |
_aEG-ScBUE _beng _erda _cEG-ScBUE _dEG-ScBUE |
||
| 082 | 0 | 4 |
_a540.24614 _bDOR _222 |
| 100 | 1 |
_aDorn, James M., _95441 _eauthor. |
|
| 245 | 1 | 0 |
_aThanatochemistry : _ba survey of general, organic, and biochemistry for funeral service professionals / _cJames M. Dorn, Cincinnati College of Mortuary Science, Barbara M. Hopkins, Xavier University. |
| 250 | _aSecond edition. | ||
| 264 | 1 |
_aUpper Saddle River, New Jersey : _bPrentice Hall, _c[1998] |
|
| 264 | 4 | _cc1998 | |
| 300 |
_avii, 356 pages : _billustrations ; _c25 cm |
||
| 336 |
_2rdacontent _atext _btxt |
||
| 337 |
_aunmediated _2rdamedia _bn |
||
| 338 |
_avolume _bnc _2rdacarrier |
||
| 500 | _aIncludes Appendices. | ||
| 500 | _aIncludes index. | ||
| 500 | _aIncludes glossary. | ||
| 650 | 7 |
_aChemistry. _2BUEsh |
|
| 650 | 7 |
_aUndertakers and undertaking. _2BUEsh _95443 |
|
| 653 |
_bPPhrm _cAugust2015 |
||
| 655 | _vReading book | ||
| 700 | 1 |
_aHopkins, Barbara M., _95444 _eauthor. |
|
| 942 |
_cBB _2ddc |
||
| 999 |
_c9336 _d9336 |
||